ბათუმის შოთა რუსთაველის სახელმწიფო უნივერსიტეტის ბიბლიოთეკა

ესაუბრე ბრძოლებზე, მეფეებსა და სპილოებზე : (ბიბ.ჩანაწერი № 54737)

000 -ლიდერი
ფიქსირებული სიგრძის საკონტროლო ველი 01486nam a2200265Ia 4500
001 - საკონტროლო ნომერი
საკონტროლო ველი 21804
003 - საკონტროლო ნომრის იდენტიფიკატორი
საკონტროლო ველი GE_BSU
005 - ბოლო ოპერაციის თარიღი და დრო
საკონტროლო ველი 20220517152226.0
008 - ფიქსირებული სიგრძის მონაცემთა ელემენტები - ზოგადი ინფორმაცია
ფიქსირებული სიგრძის საკონტროლო ველი 181216s2017||||ge |||||||||||||| ||geo||
020 ## - წიგნის საერთაშორისო სტანდარტული ნომერი
International Standard Book Number ISBN:978-9941-11-543-1
040 ## - კატალოგიზაციის წყარო
Transcribing agency GE_BSU
041 ## - ენის კოდი
Language code of text/sound track or separate title geo
080 ## - უნივერსალური ათობითი კლასიფიკაციის ინდექსი
Universal Decimal Classification number 821.133.1-31+75.071.1(450 მიქელანჯელო) ე-64
100 ## - მთავარი ჩანაწერი - პიროვნების სახელი
Personal name ენარი, მატიას
9 (RLIN) 13757
245 ## - ცნობა სათაურის შესახებ
Title ესაუბრე ბრძოლებზე, მეფეებსა და სპილოებზე :
Remainder of title რომანი /
Statement of responsibility, etc მატიას ენარი ; ფრანგულიდან თარგმნა თამარ ლომიძემ.
264 ## - წარმოების, გამოცემის, დისტრიბუციის და სხვა ცნობები
გამოცემის, წარმოების, დისტრიბუციის... ადგილი თბილისი :
გამოცემის, წარმოების, დისტრიბუციის... სახელწოდება დიოგენე,
გამოცემის, წარმოების, დისტრიბუციის... თარიღი 2017.
300 ## - ფიზიკური აღწერა
Extent 146 გვ. ;
Dimensions 19 სმ.
500 ## - ზოგადი შენიშვნა
General note გარეკანზე : ჯულიანო ბუჯარდინის "მიქელანჯელო ჩალმით"
500 ## - ზოგადი შენიშვნა
General note წიგნი გამოიცა ფრანგული ინსტიტუტის საგამომცემლო დახმარების პროგრამის ფარგლებში
653 ## - INDEX TERM--UNCONTROLLED
Uncontrolled term ესაუბრე ბრძოლებზე, მეფეებსა და სპილოებზე
653 ## - INDEX TERM--UNCONTROLLED
Uncontrolled term რომანი
700 ## - ADDED ENTRY--PERSONAL NAME
Personal name ლომიძე, თამარ
Relator term მთარგმნელი
9 (RLIN) 13566
942 ## - ADDED ENTRY ELEMENTS (KOHA)
Koha item type წიგნი
Source of classification or shelving scheme
ეგზემპლარები
ჩამოწერის სტატუსი დაკარგული ეგზემპლარის სტატუსი კლასიფიკაციის წყარო ან თაროზე გაწყობის სქემა დაზიანების სტატუსი არ გაიცემა მუდმივი მდებარეობა (დაცვის ადგილი) ამჟამინდელი ადგილსამყოფელი თაროზე განთავსების ადგილი შეძენის თარიღი ღირებულება, შესყიდვის ნორმალური ფასი სრული შენახვის შიფრი შტრიხკოდი ბოლო ოპერაციის თარიღი ეგზემპლარის მიმდევრობითი ნომერი (კეტერი?) ფასის ძალაში შესვლის თარიღი ეგზემპლარის სახეობა საჯარო შენიშვნა
          ბათუმის შოთა რუსთაველის სახელმწიფო უნივერსიტეტის მთავარი ბიბლიოთეკა ბათუმის შოთა რუსთაველის სახელმწიფო უნივერსიტეტის მთავარი ბიბლიოთეკა წიგნსაცავი 2018-12-17 3.00 821.133.1-31+75.071.1(450 მიქელანჯელო) ე-64 56209 2018-12-17 56209 2018-12-17 წიგნი 3.00 ₾.